000 01104nam0a22002651 4500
001 rc\2862049
005 20250529210706.0
035 _a(NLR Aleph) 007016283
090 _a5864932
_c5864932
100 _a20110711d1928 |||y0rusy50 ca
101 0 _arus
_auzb
102 _aRU
105 _ay z |||||
200 1 _aИнструкция о порядке ведения счетоводства и составления отчетности в базскладах, базмагазинах и розничных лавках Узбекторга
_fАкц. о-во оптово-розничной торговли в Узбекистане "Узбекторг"
210 _aСамарканд
_cизд-во Узбекторга
_d1928
215 _a21, 29 с.
300 _aНа рус. и узбекс. яз.
300 _aБез тит. л.
300 _aОписано по обл.
710 0 2 _a"Узбекторг", акционерное общество
_cСамарканд
801 0 _aRU
_bNLR
_gpsbo
801 1 _aRU
_bELAR
_2rusmarc
852 _aNLR
_j72/2956
942 _cBOOK
980 _aNB